PRIESKUM NÁKUPNÉHO SPRÁVANIA DOMÁCNOSTI PRI KÚPE MÄSA A MÄSOVÝCH VÝROBKOV

Bibliographic Details
Main Author: Tesfu W/Senbet (Author)
Format: Article
Language:Slovak
ISBN:8071376752

MARC

LEADER 00000naa a2200000uu 4500
001 vtls010951013
003 SK-MaSNL
005 20260302125605.0
008 210906|2000 xo |||||||||||||||||slo|
015 |a SNBRA 
035 |a (urnnbn)urn:nbn:sk:snk:ar-a0bjp0 
035 |a (uuid)bc833248-2f40-4893-8401-685762e58b68 
035 |a urn:nbn:sk:snk-aaubqh 
040 |a SNKBUCL  |b slo  |c SNKBUCL  |e AACR2 
041 0 |a slo 
044 |a xo  |c SK 
100 1 |a Tesfu W/Senbet  |4 aut  |9 787054 
245 1 0 |a PRIESKUM NÁKUPNÉHO SPRÁVANIA DOMÁCNOSTI PRI KÚPE MÄSA A MÄSOVÝCH VÝROBKOV  |c Tesfu W/Senbet 
246 3 |a CONSUMER BUYING BEHAVIOR SURVEY OF MEAT AND MEAT PRODUCTS 
773 0 |t Mladá veda, jej prínosy a perspektívy  |d Nitra : Slovenská poľnohospodárska univerzita, 2000  |g S. 304-309  |z 8071376752 
958 |a OND 
958 |a article11 
958 |a chapter 
999 |c 1294539  |d 1296469